| 000 | 00796nam a22002057a 4500 | ||
|---|---|---|---|
| 999 |
_c2791 _d2791 |
||
| 003 | OSt | ||
| 005 | 20231213095133.0 | ||
| 008 | 230821b ||||| |||| 00| 0 eng d | ||
| 020 | _a9781337624787 | ||
| 040 | _cKH8 | ||
| 082 | _a400 STA | ||
| 100 |
_aStannett, Katherine, _eauthor. |
||
| 245 |
_aImpact Foundation / _cKatherine Stannett. |
||
| 260 |
_bHeinle ELT; _c2017 |
||
| 300 | _c8.4 x 0.5 x 10.8 inches. | ||
| 520 | _aImpact helps teenage learners to better understand themselves, each other, and the world they live in. By encouraging self-expression, global citizenship, and active participation, Impact motivates students to explore who they are and who they want to be, all while learning English! | ||
| 650 |
_aEnglish _vGrammar |
||
| 650 |
_aEnglish _vVocabulary |
||
| 942 |
_2ddc _cTR |
||